LEADER 01532nam a2200349 u 4500 001 000000029899 003 CaOOAMICUS 005 20070226111952.0 008 970703s1997 gw u000 u grc u 020 $a3110157381 035 $a10766474 040 $aIPA$bita$dBAV 041 0 $agrc$aeng 100 0 $aIustinus Martyr,$cs.,$dm. 166.$0(OLS)http://pul/name/1173 240 10$aDialogus cum Tryphone Judaeo$9(Iustinus Martyr, s., m. 166).$0(OLS)http://pul/title/40997 245 10$aIustini Martyris Dialogus cum Tryphone /$cedited by Miroslav Marcovich. 260 $aBerlin :$bWalter de Gruyter,$c1997. 300 $axv, 339 p. ;$c24 cm 490 1 $aPatristische Texte und Studien ;$vBd. 47 500 $aIncludes index. 650 0$aChristianity and other religions$xJudaism.$2//eng$0(OLS)http://pul/subject/7827 650 0$aJudaism$xRelations$xChristianity.$2//eng$0(OLS)http://pul/subject/7826 700 1 $aMarcovich, Miroslav.$0(OLS)http://pul/name/2892 830 0$aPatristische Texte und Studien ;$vBd. 47.$0(OLS)http://pul/title/1164 850 $aPUL 852 $aPUL$W1$xSL Religione 1$y3$m19 C 47$j41344$nBK-PRI$b $qStampati$B41344$CPULBib$Z2$F41344 $H $81 900 $aGiustino,$cs.,$dm. 166$91173 941 1 $a8 961 $aINV: 87969 996 $6020$a3110157381$9(OLS)http://pul/number/37547 996 $6245$aIustini Martyris Dialogus cum Tryphone$9(OLS)http://pul/title/40998 996 $6260$aBerlin :$bWalter de Gruyter$9(OLS)http://pul/publisher/48231 LEADER 01268nam a2200301 u 4500 001 000000045511 003 CaOOAMICUS 005 20070226114653.0 008 990602s1967 it u000 u ita u 035 $a10825294 040 $aBAV$bita 100 1 $aTillich, Paul,$d1886-1965.$0(OLS)http://pul/name/24019 240 10$aDynamics of faith.$lItaliano.$0(OLS)http://pul/title/61358 245 10$aDinamica della fede ; :$bReligione e morale /$cPaul Tillich. 260 $aRoma :$bUbaldini,$c1967. 300 $a179 p. ;$c21 cm 490 1 $aUlisse 500 $aTit. del front. agg.: Dynamics of faith. Morality and beyond. 650 4$aEtica cristiana.$0(OLS)http://pul/subject/1395 700 12$aTillich, Paul$tMorality and beyond$lItaliano.$0(OLS)http://pul/name/33197 740 02$aReligione e morale. 830 0$aUlisse.$0(OLS)http://pul/title/61360 850 $aPUL 852 $aPUL$W1$xDP1 Fondo Pastorale$y55$mP12 A 3$j61139$nBK-PRI$b $qFondi$B61139$CPULBib$Z2$F61139 $H $81 941 1 $a1 996 $6245$aDinamica della fede ; :$bReligione e morale$9(OLS)http://pul/title/61359 996 $6740$aReligione e morale$9(OLS)http://pul/title/61361 996 $6260$aRoma :$bUbaldini$9(OLS)http://pul/publisher/60242